000 00454nam a2200181Ia 4500
005 20250603145729.0
008 250603s9999 xx 000 0 und d
020 _a9781032470269
050 _a TJ 211.49 .S63/
100 _aEdited by Shiomi, Mansahiro
245 0 _aSocial Touch in Human Robot Interaction
260 _aBoca Raton
260 _bCRC Press
260 _c2024
300 _axiv, 305p.: ill.
650 _aBoca Raton
942 _cBK
999 _c42689
_d42689